ARRUPE JESUIT UNIVERSITY

CORONAVIRUS -STOP THE SPREAD - CLEAN,DISINFECT,COVER

Archbishop Romero, an Icon for South Africa (Record no. 119978)

MARC details
000 -LEADER
fixed length control field 00434nam a22001337a 4500
008 - FIXED-LENGTH DATA ELEMENTS--GENERAL INFORMATION
fixed length control field 140206b xxu||||| |||| 00| 0 eng d
050 ## - LIBRARY OF CONGRESS CALL NUMBER
Classification number BX4705.R669 D747
100 ## - MAIN ENTRY--PERSONAL NAME
Personal name Bishop Dowling, Kevin
9 (RLIN) 8086
245 ## - TITLE STATEMENT
Title Archbishop Romero, an Icon for South Africa
Statement of responsibility, etc Bishop Kevin Dowling C.Ss.R.
260 ## - PUBLICATION, DISTRIBUTION, ETC. (IMPRINT)
Place of publication, distribution, etc Notre Dame
Name of publisher, distributor, etc University of Notre Dame
Date of publication, distribution, etc 2012
300 ## - PHYSICAL DESCRIPTION
Extent 15p. ;
Dimensions 27cm.
600 ## - SUBJECT ADDED ENTRY--PERSONAL NAME
Personal name Romero, Oscar
9 (RLIN) 8087
942 ## - ADDED ENTRY ELEMENTS (KOHA)
Source of classification or shelving scheme Library of Congress Classification
Item type Monograph ( Printed materials)
Holdings
Withdrawn status Lost status Source of classification or shelving scheme Damaged status Not for loan Collection code Home library Current library Shelving location Date acquired Total Checkouts Full call number Barcode Date last seen Price effective from Koha item type
    Library of Congress Classification     Main Collection ARRUPE LIBRARY ARRUPE LIBRARY Main Collection 06/02/2014   BX4705.R669 D747 46411921 22/11/2017 06/02/2014 Monograph ( Printed materials)

 

Arrupe Library. PO Box MP320 Mt Pleasant, Harare, Zimbabwe
263 242 745411|librarian@aju.ac.zw